Minecraft Unused Mobs 1.26 - Statistics

General Stats
  • This quiz has been taken 8 times
  • The average score is 2 of 6
Answer Stats
Spawn Mob % Correct
Java only Illusioner
100%
Bedrock or EDU only Agent
71%
Bedrock or EDU only NPC
29%
Bedrock only Elder Guardian Ghost
14%
Java only Giant Zombie
14%
Java only The Killer Bunny
14%
No matching quizzes found
Score Distribution
Percent of People with Each Score
Percentile by Number Answered
Your Score History
You have not taken this quiz